000 00495nam a22001931a 4500
001 1295
003 OSt
005 20260204211728.0
008 040117s1988||||dr ||||||b||||||||||spa||
050 _aRD 342.06 M885d
082 _aRD342.06 M885d
100 _aMueses Henríquez, René
245 _aDerecho administrativo Dominicano / René Mueses Henríquez
250 _a3
264 _aSanto Domingo : Taller
300 _a272 p.
650 _a1.Derecho AdministrativoÌ
942 _2ddc
_cBK
999 _c1295
_d1295